• 首页
  • 本馆介绍
  • 公告通知
  • 最新文献
  • 馆藏检索
  • 电子资源
  • 读者导购
  • 参考咨询
  • 我的图书馆
  • 登录
  • 详细信息显示
  • 放入我的书架
  • 预约/预借图书
  • 作者相关作品
  • 分类相关作品
  • 丛书相关作品
  • 出版社相关作品

书目信息

  • 表格格式
  • 工作单格式
  • 卡片格式
题名:
右脑风暴
    
 
作者: 张庆源 著
分册:  
出版信息: 上海   生活·读书·新知三联书店上海分店  1999.09
页数: 332页
开本: 21cm
丛书名: 人生科学书系
单 册:
中图分类: B848.5
科图分类:
主题词: 智力
电子资源:
ISBN: 7-5426-1263-8
000 00649nam2 2200229 45
001 0210211631
005 20041124111730.7
010    @a7-5426-1263-8@dCNY21.00
100    @a20021021d1999 km y0chiy0120 ea
101 0  @achi
105    @a z 000yy
200 1  @a右脑风暴@AYou Nao Feng Bao@f张庆源著@FZhang Qing Yuan Zhu
210    @a上海@c生活·读书·新知三联书店上海分店@d1999.09
215    @a332页@d21cm
225    @a人生科学书系@f李延国主编
410    @12001 @a人生科学书系
410    @1700 0@a李延国@ALi Yan Guo@4主编
606 0  @a智力
690    @aB848.5@v4
701    @a张庆源@4著
801    @aCN@bTSTC@c20021021
905    @dB848.5@e355
    
    右脑风暴/张庆源著.-上海:生活·读书·新知三联书店上海分店,1999.09
    332页;21cm.-(人生科学书系/李延国主编)
    
    
    ISBN 7-5426-1263-8:CNY21.00
    
●
相关链接 在E读中查询图书 在五车中查询图书 在当当中查询图书 在豆瓣中查询图书


正题名:右脑风暴     索取号:B848.5/355         预约/预借

序号 登录号 条形码 馆藏地/架位号 状态 备注
1 0316099   203160998   第一借阅区/ [索取号:B848.5/355] 在馆    
2 0316100   203161005   密集书库/ [索取号:B848.5/355] 在馆    
3 0316101   203161014   密集书库/ [索取号:B848.5/355] 在馆    
4 0316102   203161023   第一借阅区/ [索取号:B848.5/355] 在馆    
5 0316103   203161032   第一样本阅览室/ [索取号:B848.5/355] 在馆    
唐山师范学院图书馆 欢迎您!
大连网信软件有限公司© 版权所有